Équipes-types du Tournoi des Six Nations - Statistiques

Statistiques générales
  • Ce quiz a été pris 56 fois
  • Le résultat moyen est 26 sur 45
Statistiques - réponses
Année Poste Pays Réponse % Correct
2025 9 Antoine Dupont
98%
2023 9 Antoine Dupont
98%
2024 15 Thomas Ramos
91%
2023 14 Damian Penaud
89%
2025 11 Louis Bielle-Biarrey
82%
2024 10 Finn Russell
80%
2025 8 Grégory Alldritt
80%
2024 3 Uini Atonio
77%
2025 10 Fin Smith
73%
2023 10 Jonathan Sexton
73%
2024 11 James Lowe
70%
2023 11 James Lowe
70%
2025 4 Maro Itoje
70%
2023 4 Thibaud Flament
70%
2025 15 Blair Kinghorn
68%
2025 1 Andrew Porter
66%
2024 1 Andrew Porter
66%
2023 1 Andrew Porter
66%
2024 14 Duhan van der Merwe
66%
2024 9 Jamison Gibson-Park
66%
2023 7 Josh van der Flier
59%
2025 12 Tommaso Menoncello
59%
2024 12 Tommaso Menoncello
59%
2025 2 Dan Sheehan
57%
2024 2 Dan Sheehan
57%
2023 2 Dan Sheehan
57%
2025 5 Mickaël Guillard
55%
2024 13 Bundee Aki
50%
2025 13 Huw Jones
50%
2023 13 Huw Jones
50%
2024 6 Caelan Doris
48%
2023 8 Caelan Doris
48%
2023 15 Hugo Keenan
48%
2024 4 Tadhg Beirne
43%
2024 8 Ben Earl
39%
2025 7 Jac Morgan
39%
2024 5 Joe McCarthy
39%
2025 14 Tommy Freeman
39%
2024 7 Michele Lamaro
36%
2023 6 Peter O'Mahony
36%
2023 12 Sione Tuipulotu
34%
2025 6 Tom Curry
34%
2023 5 James Ryan
32%
2025 3 Will Stuart
27%
2023 3 Finlay Bealham
23%
Aucun quiz correspondant
Distribution des résultats
% des personnes avec chaque résultat
Percentile par nombre de réponses
Votre historique - résultats
Vous n’avez pas pris ce quiz